Saunders 2018-2019 strategies for test success : passing nursing school and the NCLEX exam (Record no. 34550)

MARC details
000 -LEADER
fixed length control field 00593nam a2200169Ia 4500
020 ## - INTERNATIONAL STANDARD BOOK NUMBER
ISBN 9780323479608
050 ## - CALL MARK
Classification number RT 55 .S55/
100 ## - STATEMENT OF RESPONSIBILITY--MAIN AUTHOR NAME
Personal name Silvestri, Linda Anne...[et al.]
245 #0 - TITLE STATEMENT
Title Saunders 2018-2019 strategies for test success : passing nursing school and the NCLEX exam
250 ## - EDITION / VOLUME STATEMENT
Edition / Volume statement 5th ed.
260 ## - PUBLICATION, DISTRIBUTION, ETC. (IMPRINT)
Year of publication 2018
300 ## - PHYSICAL DESCRIPTION
Number of Pages 240 p
650 ## - SUBJECT ADDED ENTRY--TOPICAL TERM
Topical Term Nursing Care--methods--Examination Questions. Nursing Process--Examination Questions. Test Taking Skills--methods--Examination Questions.
942 ## - ADDED ENTRY ELEMENTS (KOHA)
Koha item type Books
Holdings
Withdrawn status Lost status Source of classification or shelving scheme Damaged status Not for loan Permanent Location Current Location Date acquired Accession Number Price effective from Koha item type
    Library of Congress Classification     NILE UNIVERSITY OF NIGERIA - MAIN LIBRARY NILE UNIVERSITY OF NIGERIA - MAIN LIBRARY 04/23/2025 0194903 04/23/2025 Books